| Поле | Инд. | ПП | Название | Значение |
|---|---|---|---|---|
| Тип записи | a | |||
| Библиографический уровень | b | |||
| 001 | Контрольный номер | RU/IS/BASE/103039452 | ||
| 005 | Дата корректировки | 20200630193140.8 | ||
| 084 | a | Индекс другой классификации/Индекс ББК | 87.3(2)6 | |
| a | Индекс другой классификации/Индекс ББК | 60.001(2)6 | ||
| a | Индекс другой классификации/Индекс ББК | 60.023 | ||
| 100 | 1_ | a | Автор | Андреев Э. М. |
| 100 | 1_ | a | Автор | Миронов А. В. |
| 100 | 1_ | a | Автор | Шефель С. В. |
| 245 | 10 | a | Заглавие | Социально-философские основания концепции формирования экоцелостной личности |
| b | Продолж. заглавия | (в контексте идейного наследия П.А. Сорокина) | ||
| 504 | a | Библиография | Библиогр.: с. 241 | |
| 600 | 14 | a | Персоналии | Сорокин Питирим Александрович |
| 650 | 04 | a | Основная рубрика | история философии |
| a | Основная рубрика | социальная философия | ||
| a | Основная рубрика | философия | ||
| 653 | 0_ | a | Ключевые слова | XX век |
| a | Ключевые слова | гармоническое развитие цивилизации | ||
| a | Ключевые слова | история социальной философии | ||
| a | Ключевые слова | общество | ||
| a | Ключевые слова | природа | ||
| a | Ключевые слова | развитие человечества | ||
| a | Ключевые слова | Россия | ||
| a | Ключевые слова | синтез культур | ||
| a | Ключевые слова | социально-философские концепции | ||
| a | Ключевые слова | социокультурное развитие | ||
| a | Ключевые слова | творчество | ||
| a | Ключевые слова | устойчивое развитие | ||
| a | Ключевые слова | экосистемы | ||
| a | Ключевые слова | экоцелостная личность | ||
| 773 | 18 | t | Заглавие источника | Социально-гуманитарные знания |
| d | Дата издания источника | 2003 | ||
| g | Прочая информация | № 1. - С. 229 - 241 | ||
| w | Контрольный № источника | RU/IS/BASE/101491030 | ||
| 901 | t | Тип документа | b |